Sbírka předpisů vydaných Federálním ministerstvem zahraničního obchodu v roce 1980

Salvato in:
Dettagli Bibliografici
Natura: Libro
Lingua:ceco
Pubblicazione: Praha Československá obchodní a průmyslová komora 1981
Serie:K právním otázkam mezinárodního obchodu
Tags: Aggiungi Tag
Nessun Tag, puoi essere il primo ad aggiungerne!!

MARC

LEADER 00000nam a2200000 4500
001 c128324
005 20250515082659.6
041 0 |a cze 
044 |a CZ 
245 1 0 |a Sbírka předpisů vydaných Federálním ministerstvem zahraničního obchodu v roce 1980 
264 1 |a Praha  |b Československá obchodní a průmyslová komora  |c 1981 
300 |a 140 s. 
490 1 |a K právním otázkam mezinárodního obchodu 
830 0 |a K právním otázkam mezinárodního obchodu